00557 2200181 4500245004400000020002200044250001100066100002200077700002000099650002000119005001900139260003900158041001400197084000800211300002600219500012100245336000900366 aIstriku SeribucEmha Ainun NadjibhText a978-602-291-117-3 aCet. 1 aEmha Ainun Nadjib aNurjannah Intan aNovel Indonesia a20231004132155 aYogyakartabPenerbit Bentangc2015 aIndonesia a813 avi, 98 hlm. :c18 cm. aistriku seribu merupakan esai yang ditulis caknun dalam meletakan isu poligami pada konteks kehidupan bermasyarakat. atext